Statistics for Countries with Concessions in China

Click here to take the quiz!

General Stats

  • This quiz has been taken 46 times
  • The average score is 9 of 10

Answer Stats

Amount of ConcessionsCountry% Correct
4Russia
100%
12United Kingdom
100%
6France
98%
8Japan
98%
3Germany
95%
2United States
95%
1Italy
93%
1Portugal
89%
1Belgium
84%
1Austria-Hungary
75%

Score Distribution

Percentile by Number Answered

Percent of People with Each Score

Your Score History

You have not taken this quiz